[Event "GER-ch Seniors 65 34th"]
[Site "Magdeburg"]
[Date "2022.08.15"]
[Round "4"]
[White "Pruefer, Friedbert"]
[Black "Braun, Gottfried"]
[Result "1/2-1/2"]
[WhiteElo "2274"]
[BlackElo "2143"]
[PlyCount "89"]
[EventDate "2022.08.12"]
[EventType "swiss"]
[EventRounds "9"]
[EventCountry "GER"]
[SourceTitle "CBM 209 Extra"]
[Source "ChessBase"]
[SourceDate "2022.09.30"]
[SourceVersion "1"]
[SourceVersionDate "2022.09.30"]
[SourceQuality "1"]

1. d4 d6 2. Nf3 Nf6 3. g3 Nc6 4. Bg2 e5 5. dxe5 Nxe5 6. Nxe5 dxe5 7. Qxd8+ Kxd8 8. Nd2 Bc5 9. Nc4 Re8 10. Bd2 c6 11. Ba5+ Kd7 12. Rd1+ Ke7 13. Nxe5 Be6 14. a3 Kf8 15. Nd3 Be7 16. h3 Rac8 17. 0-0 b6 18. Bd2 c5 19. e4 Bc4 20. Rfe1 Red8 21. Bc3 Bb5 22. Nf4 Ba4 23. b3 Bd7 24. e5 Ne8 25. e6 fxe6 26. Nxe6+ Bxe6 27. Rxd8 Rxd8 28. Rxe6 Bf6 29. Bxf6 Rd1+ 30. Bf1 Nxf6 31. Kg2 Rd2 32. Bd3 h6 33. Bg6 Rd7 34. Kf3 Rd8 35. Re5 Nd5 36. Rf5+ Nf6 37. Re5 Nd5 38. Bd3 Ne7 39. Bc4 Rd6 40. Ke3 Rf6 41. c3 Nf5+ 42. Ke2 Nd6 43. Re6 Rxe6+ 44. Bxe6 Ne4 45. Bc4 1/2-1/2

[Event "GER-ch Seniors 65 31st"]
[Site "Radebeul"]
[Date "2019.04.27"]
[Round "2"]
[White "Braun, Gottfried"]
[Black "Staub, Gerhard"]
[Result "1/2-1/2"]
[WhiteElo "2181"]
[BlackElo "2010"]
[PlyCount "112"]
[EventDate "2019.04.26"]
[EventType "swiss"]
[EventRounds "9"]
[EventCountry "GER"]
[SourceTitle "CBM 190 Extra"]
[Source "ChessBase"]
[SourceDate "2019.07.15"]
[SourceVersion "1"]
[SourceVersionDate "2019.07.15"]
[SourceQuality "1"]

1. e4 c5 2. c3 e6 3. Nf3 d5 4. exd5 exd5 5. d4 Nc6 6. Bb5 Bd6 7. dxc5 Bxc5 8. Be3 Bxe3 9. Qe2 Qe7 10. Qxe3 Qxe3+ 11. fxe3 Nge7 12. 0-0 0-0 13. Nbd2 Bf5 14. Nb3 a6 15. Be2 Bg6 16. Nfd4 Ne5 17. Nd2 Rac8 18. Rad1 Rfd8 19. N2b3 Nc4 20. Bxc4 dxc4 21. Nc1 Nd5 22. Rde1 Re8 23. Rf3 Re7 24. h3 Rce8 25. Kf2 Be4 26. Rg3 Nf6 27. Kg1 Bd5 28. Nf5 g6 29. Nxe7+ Rxe7 30. h4 Nh5 31. Rg4 Be4 32. Ne2 f5 33. Rg5 Bd3 34. Kf2 Re4 35. Ng3 Nxg3 36. Kxg3 Kf7 37. Kf2 Rxh4 38. Rg3 h5 39. Rh3 Re4 40. g3 Re5 41. Rd1 Ra5 42. a3 Rb5 43. Rd2 a5 44. Rh4 Be4 45. Ke1 Ke7 46. Rhh2 Bd3 47. Rh4 Be4 48. Kd1 a4 49. Kc1 Re5 50. Rd1 b5 51. Rd4 Bf3 52. Kd2 Bg4 53. Rh1 Bf3 54. Rf1 Be4 55. Rf2 Re6 56. Rf4 Re5 1/2-1/2

[Event "GER-ch Seniors 65 31st"]
[Site "Radebeul"]
[Date "2019.04.26"]
[Round "1"]
[White "Pundt, Wilfried"]
[Black "Braun, Gottfried"]
[Result "0-1"]
[WhiteElo "1861"]
[BlackElo "2181"]
[PlyCount "108"]
[EventDate "2019.04.26"]
[EventType "swiss"]
[EventRounds "9"]
[EventCountry "GER"]
[SourceTitle "CBM 190 Extra"]
[Source "ChessBase"]
[SourceDate "2019.07.15"]
[SourceVersion "1"]
[SourceVersionDate "2019.07.15"]
[SourceQuality "1"]

1. e4 d6 2. Nf3 Nf6 3. d4 Nxe4 4. Bd3 Nf6 5. 0-0 Bg4 6. h3 Bh5 7. Re1 e6 8. Nbd2 Be7 9. c3 Nbd7 10. Qb3 Qc8 11. Ng5 Nf8 12. Nde4 Nxe4 13. Nxe4 Bg6 14. c4 Nd7 15. Bd2 0-0 16. Rac1 Nf6 17. Ng5 Bxd3 18. Qxd3 h6 19. Nf3 Qd7 20. b4 a6 21. Qb3 b5 22. c5 Nd5 23. Re4 Rfb8 24. Qc2 Bf8 25. Nh2 f5 26. Re2 Re8 27. Rce1 Qf7 28. g3 g6 29. Nf3 Bg7 30. Kh2 Nf6 31. Bf4 Ne4 32. Qd3 e5 33. Bc1 Qd5 34. Bb2 dxc5 35. bxc5 Nxc5 36. Qa3 Na4 37. Nxe5 Nxb2 38. Qxb2 g5 39. f4 Rad8 40. Rd2 c5 41. Red1 gxf4 42. gxf4 Qe4 43. Qb3+ Kh7 44. Qg3 Bxe5 45. dxe5 Rxd2+ 46. Rxd2 Rg8 47. Qh4 Rg7 48. Qf2 c4 49. Re2 Qc6 50. e6 Re7 51. Qe3 Qd6 52. Kg3 b4 53. Qc1 c3 54. Qc2 Rg7+ 0-1

[Event "Oberliga Ost-A 1718"]
[Site "Germany"]
[Date "2018.03.18"]
[Round "9.6"]
[White "Braun, Gottfried"]
[Black "Kunze, Christopher"]
[Result "1/2-1/2"]
[WhiteElo "2220"]
[BlackElo "2114"]
[PlyCount "36"]
[EventDate "2017.10.22"]
[EventType "team-tourn"]
[EventRounds "11"]
[EventCountry "GER"]
[SourceTitle "EXT 2019"]
[Source "ChessBase"]
[SourceDate "2018.10.10"]
[SourceVersion "1"]
[SourceVersionDate "2018.10.10"]
[SourceQuality "1"]
[WhiteTeam "Leipzig SG"]
[BlackTeam "Dresden Gruen Weiss"]
[WhiteTeamCountry "GER"]
[BlackTeamCountry "GER"]

1. e4 c5 2. c3 Nf6 3. e5 Nd5 4. d4 cxd4 5. cxd4 Nc6 6. Nf3 d6 7. Bc4 Nb6 8. Bb5 dxe5 9. Bxc6+ bxc6 10. Nxe5 Bb7 11. 0-0 g6 12. Nc3 Bg7 13. Re1 0-0 14. b3 Nd7 15. Bb2 c5 16. Na4 cxd4 17. Bxd4 Nxe5 18. Bxe5 e6 1/2-1/2

[Event "Magdeburg Roechling Jubilee 2nd"]
[Site "Magdeburg"]
[Date "2018.02.28"]
[Round "5"]
[White "Falk, Thomas"]
[Black "Braun, Gottfried"]
[Result "1/2-1/2"]
[WhiteElo "2066"]
[BlackElo "2209"]
[PlyCount "25"]
[EventDate "2018.02.24"]
[EventType "swiss"]
[EventRounds "9"]
[EventCountry "GER"]
[SourceTitle "EXT 2019"]
[Source "ChessBase"]
[SourceDate "2018.10.10"]
[SourceVersion "1"]
[SourceVersionDate "2018.10.10"]
[SourceQuality "1"]

1. d4 d6 2. Nf3 Nf6 3. e3 Nc6 4. Be2 Bf5 5. 0-0 a6 6. b3 g6 7. Bb2 Bg7 8. c4 0-0 9. d5 Na7 10. Nd4 Bd7 11. Nd2 c5 12. dxc6 Nxc6 13. N2f3 1/2-1/2

[Event "Magdeburg Roechling Jubilee 2nd"]
[Site "Magdeburg"]
[Date "2018.02.24"]
[Round "1"]
[White "Vovchik, Vladimir"]
[Black "Braun, Gottfried"]
[Result "1-0"]
[WhiteElo "1847"]
[BlackElo "2209"]
[PlyCount "135"]
[EventDate "2018.02.24"]
[EventType "swiss"]
[EventRounds "9"]
[EventCountry "GER"]
[SourceTitle "EXT 2019"]
[Source "ChessBase"]
[SourceDate "2018.10.10"]
[SourceVersion "1"]
[SourceVersionDate "2018.10.10"]
[SourceQuality "1"]

1. e4 d6 2. d4 Nf6 3. Nc3 e5 4. d5 Be7 5. f3 Nbd7 6. Bb5 a6 7. Be2 Nf8 8. Be3 Ng6 9. g3 h6 10. Qd2 b5 11. b4 0-0 12. h4 Re8 13. h5 Nf8 14. g4 N6h7 15. Nh3 Bh4+ 16. Nf2 Bd7 17. 0-0-0 Bg5 18. Nh3 Bxe3 19. Qxe3 Qf6 20. a3 Reb8 21. f4 exf4 22. Nxf4 Ng5 23. Rhf1 Qe5 24. Qd4 Re8 25. Qxe5 Rxe5 26. Rd4 Nfh7 27. Nd3 Re7 28. Rf4 Nf6 29. Nf2 Kf8 30. Kb2 Ke8 31. Ncd1 Kd8 32. Ne3 Re5 33. c4 Ke7 34. c5 Re8 35. c6 Bc8 36. Bd3 g6 37. hxg6 fxg6 38. Bc2 Kf7 39. a4 Kg7 40. a5 h5 41. Bd1 h4 42. Nf1 Nfxe4 43. Nxe4 Rxe4 44. Kc3 Rxf4 45. Rxf4 Re1 46. Kd2 Re5 47. Rd4 Ne4+ 48. Kc2 Kh6 49. Nh2 Nf6 50. Nf3 Nxg4 51. Nxe5 Nxe5 52. Rxh4+ Kg7 53. Be2 g5 54. Rh5 g4 55. Rh1 Bf5+ 56. Kc3 Be4 57. Rd1 Kf6 58. Bxb5 axb5 59. a6 Nc4 60. Rd4 Nb6 61. Rxe4 Kf5 62. Kd4 g3 63. Re8 Kf4 64. Rf8+ Kg4 65. a7 g2 66. Ke4 Kh3 67. a8Q Nxa8 68. Rxa8 1-0

[Event "Oberliga Ost-A 1718"]
[Site "Germany"]
[Date "2018.01.21"]
[Round "5.8"]
[White "Huebner, Walter"]
[Black "Braun, Gottfried"]
[Result "0-1"]
[WhiteElo "1817"]
[BlackElo "2220"]
[PlyCount "30"]
[EventDate "2017.10.22"]
[EventType "team-tourn"]
[EventRounds "11"]
[EventCountry "GER"]
[SourceTitle "EXT 2019"]
[Source "ChessBase"]
[SourceDate "2018.10.10"]
[SourceVersion "1"]
[SourceVersionDate "2018.10.10"]
[SourceQuality "1"]
[WhiteTeam "Dessau"]
[BlackTeam "Leipzig SG"]
[WhiteTeamCountry "GER"]
[BlackTeamCountry "GER"]

1. f4 g6 2. Nf3 Bg7 3. e4 d5 4. exd5 Qxd5 5. Nc3 Qd8 6. Bc4 Nh6 7. 0-0 0-0 8. d3 Nc6 9. Qe1 Nf5 10. Ne4 Ncd4 11. Qf2 b5 12. Bb3 a5 13. Nc3 Bb7 14. a3 Bxf3 15. gxf3 Nxb3 0-1

[Event "Oberliga Ost-A 1718"]
[Site "Germany"]
[Date "2017.11.11"]
[Round "2.5"]
[White "Kesik, Klaus Dieter"]
[Black "Braun, Gottfried"]
[Result "1-0"]
[WhiteElo "2222"]
[BlackElo "2220"]
[PlyCount "89"]
[EventDate "2017.10.22"]
[EventType "team-tourn"]
[EventRounds "11"]
[EventCountry "GER"]
[SourceTitle "EXT 2019"]
[Source "ChessBase"]
[SourceDate "2018.10.10"]
[SourceVersion "1"]
[SourceVersionDate "2018.10.10"]
[SourceQuality "1"]
[WhiteTeam "Hoyerswerda"]
[BlackTeam "Leipzig SG"]
[WhiteTeamCountry "GER"]
[BlackTeamCountry "GER"]

1. d4 d6 2. Nf3 Nf6 3. Bf4 Nh5 4. Bg5 h6 5. Bh4 g5 6. Bg3 Bg7 7. e3 Nd7 8. c3 Ndf6 9. Bd3 0-0 10. Nbd2 b6 11. Qe2 Bb7 12. 0-0-0 Qe8 13. e4 Nxg3 14. hxg3 e5 15. dxe5 dxe5 16. Nc4 Nd7 17. Ne3 Nc5 18. Nf5 Nxd3+ 19. Qxd3 Qe6 20. b3 Rfe8 21. Kb2 a5 22. Rhe1 Bc6 23. Nd2 Rad8 24. Qc2 Bf8 25. Nc4 a4 26. f3 axb3 27. axb3 Rxd1 28. Rxd1 Ra8 29. Ra1 Rxa1 30. Kxa1 f6 31. Kb2 Qc8 32. Nce3 Qd7 33. b4 Kf7 34. Qb3+ Qe6 35. g4 Qxb3+ 36. Kxb3 Ke6 37. c4 Bb7 38. Nd5 c5 39. Nxb6 cxb4 40. Nd5 Bxd5 41. exd5+ Kd7 42. d6 Bxd6 43. Nxd6 Kxd6 44. Kxb4 Kc6 45. c5 1-0

[Event "Wch Seniors 65 26th"]
[Site "Marianske Lazne"]
[Date "2016.11.21"]
[Round "3"]
[White "Myall, Ivan J"]
[Black "Braun, Gottfried"]
[Result "0-1"]
[WhiteElo "2042"]
[BlackElo "2242"]
[PlyCount "160"]
[EventDate "2016.11.19"]
[EventType "swiss"]
[EventRounds "11"]
[EventCountry "CZE"]
[SourceTitle "CBM 175 Extra"]
[Source "ChessBase"]
[SourceDate "2016.12.12"]
[SourceVersion "1"]
[SourceVersionDate "2016.12.12"]
[SourceQuality "1"]

1. e4 d6 2. Nc3 e5 3. Bc4 Nf6 4. d3 Be6 5. Nf3 Be7 6. 0-0 0-0 7. Nd5 Nxd5 8. exd5 Bg4 9. h3 Bh5 10. g4 Bg6 11. Qe2 Nd7 12. Nh2 Re8 13. Bb5 a6 14. Bxd7 Qxd7 15. c4 c6 16. Qf3 cxd5 17. Qxd5 Qc6 18. Qxc6 bxc6 19. Rd1 Rad8 20. Nf3 f5 21. Kg2 c5 22. gxf5 Bxf5 23. Bg5 h6 24. Bxe7 Rxe7 25. Nh4 Bh7 26. Kg3 Rf8 27. Rd2 Ref7 28. Rad1 g5 29. Ng2 Rf3+ 30. Kh2 Rxf2 31. Kg1 Rxd2 32. Rxd2 Rf3 33. Ne1 Rg3+ 34. Kh2 Re3 35. Ng2 Rxd3 36. Rxd3 Bxd3 37. Ne3 Kg7 38. Kg3 h5 39. b3 a5 40. Nd5 Kf7 41. h4 g4 42. Kf2 Be4 43. Nc3 Bc6 44. Ne2 Be4 45. Ke3 Bb1 46. Nc3 Bc2 47. Kd2 Bg6 48. Ke3 Ke6 49. Nd5 g3 50. Nc3 e4 51. Ne2 Kf5 52. Nxg3+ Kg4 53. Nxe4 Kxh4 54. Nxd6 Kg3 55. Nb5 h4 56. Nc3 Kg2 57. Ne2 Bb1 58. Nf4+ Kg3 59. Ne2+ Kg4 60. Nc3 Bc2 61. Kf2 Kf4 62. Kg2 Ke5 63. Kh3 Kd4 64. Nb5+ Kd3 65. Nd6 Kc3 66. Nb7 Kb4 67. Kxh4 Bb1 68. Nxc5 Kxc5 69. a3 Kd4 70. c5 Be4 71. Kg3 Bc6 72. Kf2 Kc3 73. b4 a4 74. Ke3 Kb3 75. Kd3 Bb5+ 76. Kd2 Kb2 77. Kd1 Kxa3 78. Kc1 Ka2 79. Kc2 a3 80. Kc1 Ba4 0-1

[Event "WchT Seniors 65"]
[Site "Radebeul"]
[Date "2016.06.30"]
[Round "5.3"]
[White "Braun, Gottfried"]
[Black "Vinke, Dietmar"]
[Result "1-0"]
[WhiteElo "2240"]
[BlackElo "2134"]
[PlyCount "61"]
[EventDate "2016.06.26"]
[EventType "team-swiss"]
[EventRounds "9"]
[EventCountry "GER"]
[SourceTitle "CBM 173 Extra"]
[Source "ChessBase"]
[SourceDate "2016.08.29"]
[SourceVersion "1"]
[SourceVersionDate "2016.08.29"]
[SourceQuality "1"]
[WhiteTeam "Leipzig Schachfreunde"]
[BlackTeam "Finland"]
[WhiteTeamCountry "GER"]
[BlackTeamCountry "FIN"]

1. e4 c6 2. d4 d5 3. exd5 cxd5 4. c4 Nf6 5. Nc3 e6 6. Nf3 Be7 7. cxd5 Nxd5 8. Bd3 Nc6 9. 0-0 0-0 10. Re1 Bf6 11. Be4 Nb6 12. Qd3 g6 13. Bh6 Re8 14. Rad1 Ne7 15. h4 Nbd5 16. h5 Bd7 17. hxg6 hxg6 18. Ne5 Nxc3 19. bxc3 Nf5 20. Bf4 Bxe5 21. dxe5 Bc6 22. Bxf5 exf5 23. Qg3 Qe7 24. Bg5 Qf8 25. Bf6 Qh6 26. Rd4 g5 27. Bxg5 Qg6 28. Re3 f6 29. Bxf6 Qxg3 30. Rxg3+ Kf8 31. Rg7 1-0

[Event "WchT Seniors 65"]
[Site "Radebeul"]
[Date "2016.06.29"]
[Round "4.3"]
[White "Haakert, Juergen"]
[Black "Braun, Gottfried"]
[Result "1/2-1/2"]
[WhiteElo "2341"]
[BlackElo "2240"]
[PlyCount "40"]
[EventDate "2016.06.26"]
[EventType "team-swiss"]
[EventRounds "9"]
[EventCountry "GER"]
[SourceTitle "CBM 173 Extra"]
[Source "ChessBase"]
[SourceDate "2016.08.29"]
[SourceVersion "1"]
[SourceVersionDate "2016.08.29"]
[SourceQuality "1"]
[WhiteTeam "Germany"]
[BlackTeam "Leipzig Schachfreunde"]
[WhiteTeamCountry "GER"]
[BlackTeamCountry "GER"]

1. c4 e5 2. Nc3 Be7 3. g3 Nf6 4. Bg2 0-0 5. Nf3 d6 6. 0-0 Nc6 7. d4 exd4 8. Nxd4 Nxd4 9. Qxd4 c6 10. Bf4 Be6 11. Rad1 Qa5 12. Bxd6 Bxd6 13. Qxd6 Bxc4 14. Qf4 Be6 15. Rd4 Qh5 16. Rfd1 Rac8 17. Bf3 Qc5 18. e4 Qe7 19. Qd6 Qxd6 20. Rxd6 Rfe8 1/2-1/2

[Event "GER-chA Seniors 27th"]
[Site "Magdeburg"]
[Date "2015.08.23"]
[Round "9"]
[White "Rosen, Willy"]
[Black "Braun, Gottfried"]
[Result "0-1"]
[WhiteElo "2263"]
[BlackElo "2228"]
[PlyCount "48"]
[EventDate "2015.08.15"]
[EventType "swiss"]
[EventRounds "9"]
[EventCountry "GER"]
[SourceTitle "EXT 2018"]
[Source "ChessBase"]
[SourceDate "2017.10.13"]
[SourceVersion "1"]
[SourceVersionDate "2017.10.13"]
[SourceQuality "1"]

1. e4 d6 2. d4 Nf6 3. Nc3 e5 4. Nf3 exd4 5. Nxd4 Be7 6. Bf4 0-0 7. Qd2 Nc6 8. Be2 Nxd4 9. Qxd4 Be6 10. 0-0-0 Nd7 11. g4 Bg5 12. Bxg5 Qxg5+ 13. Qd2 Qxd2+ 14. Rxd2 a6 15. f4 f6 16. h4 Rae8 17. g5 f5 18. Rf1 fxe4 19. Nd5 Bxd5 20. Rxd5 Nb6 21. Rd4 d5 22. b4 c6 23. c3 Re7 24. Kc2 Ref7 0-1

[Event "Oberliga Ost-A 1314"]
[Site "Germany"]
[Date "2014.04.06"]
[Round "11.5"]
[White "Braun, Gottfried"]
[Black "Linnemann, Niklas"]
[Result "1-0"]
[WhiteElo "2267"]
[BlackElo "1948"]
[PlyCount "69"]
[EventDate "2013.10.13"]
[EventType "team-tourn"]
[EventRounds "11"]
[EventCountry "GER"]
[SourceTitle "EXT 2015"]
[Source "ChessBase"]
[SourceDate "2014.11.20"]
[SourceVersion "1"]
[SourceVersionDate "2014.11.20"]
[SourceQuality "1"]
[WhiteTeam "Leipzig SG"]
[BlackTeam "Coswig"]
[WhiteTeamCountry "GER"]
[BlackTeamCountry "GER"]

1. e4 c5 2. Nf3 e6 3. c3 d5 4. exd5 Qxd5 5. d4 Nf6 6. Be2 Nc6 7. 0-0 cxd4 8. Nxd4 Nxd4 9. cxd4 Be7 10. Nc3 Qd6 11. Bf3 0-0 12. Be3 Bd7 13. d5 exd5 14. Nxd5 Nxd5 15. Qxd5 Qxd5 16. Bxd5 Be6 17. Bxe6 fxe6 18. Rac1 Rac8 19. Rfd1 Kf7 20. Rxc8 Rxc8 21. Rd7 Kf6 22. Rxb7 Bc5 23. Bxc5 Rxc5 24. g3 a5 25. Kg2 h5 26. h4 g5 27. hxg5+ Kxg5 28. a4 Kf5 29. Rb5 Rd5 30. Kf3 Ke5 31. Ke3 Kd6 32. Rxd5+ Kxd5 33. Kd3 e5 34. f3 Kd6 35. Kc4 1-0

[Event "Oberliga Ost-A 1314"]
[Site "Germany"]
[Date "2014.04.05"]
[Round "10.5"]
[White "Boehm, Robert"]
[Black "Braun, Gottfried"]
[Result "1/2-1/2"]
[WhiteElo "2178"]
[BlackElo "2267"]
[PlyCount "83"]
[EventDate "2013.10.13"]
[EventType "team-tourn"]
[EventRounds "11"]
[EventCountry "GER"]
[SourceTitle "EXT 2015"]
[Source "ChessBase"]
[SourceDate "2014.11.20"]
[SourceVersion "1"]
[SourceVersionDate "2014.11.20"]
[SourceQuality "1"]
[WhiteTeam "Hoyerswerda"]
[BlackTeam "Leipzig SG"]
[WhiteTeamCountry "GER"]
[BlackTeamCountry "GER"]

1. Nf3 d6 2. d4 Nf6 3. c4 Nc6 4. Nc3 e5 5. Bg5 Be7 6. e3 0-0 7. d5 Nb8 8. Qc2 Ne8 9. Bxe7 Qxe7 10. 0-0-0 a5 11. Ne1 Na6 12. f3 Bd7 13. Kb1 Nb4 14. Qd2 f5 15. a3 Na6 16. Bd3 Nf6 17. Bc2 Qe8 18. Rc1 Nc5 19. Nd3 b6 20. Nxc5 bxc5 21. a4 Kh8 22. Nb5 Bxb5 23. axb5 Nd7 24. e4 f4 25. Bd3 Nb6 26. Rc3 a4 27. Ra3 Qh5 28. h3 Qh4 29. Kc2 Qd8 30. Rha1 Qb8 31. Qc3 Qd8 32. Qe1 Qg5 33. Qf2 Qd8 34. Be2 Qb8 35. Qe1 Qb7 36. Qc3 Ra7 37. Bd1 Rfa8 38. Kd3 Qb8 39. Bc2 Qb7 40. R1a2 Qb8 41. Qe1 Ra5 42. Qc3 1/2-1/2

[Event "Leipzig VfB op 21st"]
[Site "Leipzig"]
[Date "2014.03.08"]
[Round "8"]
[White "Braun, Gottfried"]
[Black "Sobolevsky, Leonid"]
[Result "0-1"]
[WhiteElo "2240"]
[BlackElo "2244"]
[PlyCount "100"]
[EventDate "2014.03.04"]
[EventType "tourn"]
[EventRounds "9"]
[EventCountry "GER"]
[SourceTitle "CBM 159 Extra"]
[Source "ChessBase"]
[SourceDate "2014.04.24"]
[SourceVersion "1"]
[SourceVersionDate "2014.04.24"]
[SourceQuality "1"]

1. e4 e5 2. Nf3 Nc6 3. Nc3 Nf6 4. Bb5 Nd4 5. Nxd4 exd4 6. e5 Ng8 7. Ne4 Qe7 8. 0-0 Qxe5 9. Re1 Be7 10. Ba4 Nf6 11. Ng3 Qc5 12. c3 d3 13. Qf3 Kf8 14. Nf5 Bd8 15. Qxd3 g6 16. Ng3 d5 17. Qf3 h5 18. d4 Qb6 19. h3 h4 20. Ne2 Bf5 21. Bf4 Be4 22. Qe3 Kg7 23. Be5 Rh5 24. Bb3 c6 25. Nf4 Rh8 26. Nd3 Bxd3 27. Qxd3 a5 28. Rab1 Re8 29. c4 a4 30. Bc2 dxc4 31. Qxc4 Bc7 32. Bxa4 Bxe5 33. dxe5 Nd5 34. Bb3 Ra5 35. Qxh4 Qb4 36. Re4 Qe7 37. Qg3 Rc5 38. Rbe1 Qe6 39. f4 Qd7 40. Qf2 b6 41. g4 Nc7 42. Rd1 Qe7 43. Red4 Ne6 44. Rd7 Qf8 45. Qh4 g5 46. fxg5 Rxe5 47. g6 Ng5 48. Rf1 R8e7 49. Qxg5 Rxg5 50. Rxf7+ Qxf7 0-1

[Event "Leipzig VfB op 21st"]
[Site "Leipzig"]
[Date "2014.03.08"]
[Round "9"]
[White "Hiemer, Bernd"]
[Black "Braun, Gottfried"]
[Result "0-1"]
[WhiteElo "2026"]
[BlackElo "2240"]
[PlyCount "64"]
[EventDate "2014.03.04"]
[EventType "tourn"]
[EventRounds "9"]
[EventCountry "GER"]
[SourceTitle "CBM 159 Extra"]
[Source "ChessBase"]
[SourceDate "2014.04.24"]
[SourceVersion "1"]
[SourceVersionDate "2014.04.24"]
[SourceQuality "1"]

1. d4 d6 2. g3 Nd7 3. Bg2 e5 4. Nf3 Ngf6 5. 0-0 Be7 6. Nh4 0-0 7. e4 Re8 8. Nf5 Bf8 9. d5 Nc5 10. Bg5 Bxf5 11. exf5 Be7 12. Be3 Nfd7 13. Qd2 Bf6 14. Nc3 e4 15. b4 Na6 16. Nxe4 Bxa1 17. Rxa1 Nf6 18. Qd4 Nxe4 19. Bxe4 Qe7 20. Bd3 Qe5 21. Rb1 Qxd4 22. Bxd4 f6 23. Rb3 Re7 24. Bxa6 bxa6 25. Ra3 Rb8 26. c3 Rb5 27. Rxa6 Rxd5 28. Rxa7 Kf7 29. a4 c5 30. Ra5 cxd4 31. Rxd5 Re1+ 32. Kg2 dxc3 0-1

[Event "Leipzig VfB op 21st"]
[Site "Leipzig"]
[Date "2014.03.07"]
[Round "6"]
[White "Braun, Gottfried"]
[Black "Langheinrich, Ferenc"]
[Result "1/2-1/2"]
[WhiteElo "2240"]
[BlackElo "2439"]
[PlyCount "60"]
[EventDate "2014.03.04"]
[EventType "tourn"]
[EventRounds "9"]
[EventCountry "GER"]
[SourceTitle "CBM 159 Extra"]
[Source "ChessBase"]
[SourceDate "2014.04.24"]
[SourceVersion "1"]
[SourceVersionDate "2014.04.24"]
[SourceQuality "1"]

1. e4 c5 2. c3 e6 3. Nf3 d5 4. exd5 exd5 5. Bb5+ Nd7 6. d4 a6 7. Bd3 Ngf6 8. 0-0 Be7 9. Re1 0-0 10. Bf4 Re8 11. Nbd2 Qb6 12. Rb1 Nf8 13. h3 Be6 14. Qb3 Qa7 15. Qc2 g6 16. dxc5 Qxc5 17. Nb3 Qb6 18. Nbd4 Rac8 19. Ng5 Bc5 20. Be3 Qc7 21. Qd2 Bd6 22. Re2 Bd7 23. Rbe1 b5 24. a3 Rb8 25. Qd1 a5 26. Nc2 Bh2+ 27. Kh1 Bf4 28. Nf3 Ne4 29. Kg1 Bd6 30. Bh6 Nf6 1/2-1/2

[Event "Oberliga Ost-A 1314"]
[Site "Germany"]
[Date "2014.01.18"]
[Round "6.4"]
[White "Kyas, Juergen"]
[Black "Braun, Gottfried"]
[Result "1/2-1/2"]
[WhiteElo "2205"]
[BlackElo "2267"]
[PlyCount "149"]
[EventDate "2013.10.13"]
[EventType "team-tourn"]
[EventRounds "11"]
[EventCountry "GER"]
[SourceTitle "EXT 2015"]
[Source "ChessBase"]
[SourceDate "2014.11.20"]
[SourceVersion "1"]
[SourceVersionDate "2014.11.20"]
[SourceQuality "1"]
[WhiteTeam "Chemnitz"]
[BlackTeam "Leipzig SG"]
[WhiteTeamCountry "GER"]
[BlackTeamCountry "GER"]

1. e4 d6 2. d4 Nf6 3. Nc3 e5 4. Nf3 exd4 5. Nxd4 Be7 6. Bf4 0-0 7. Be2 Nc6 8. 0-0 Re8 9. Re1 Ne5 10. Qd2 c6 11. Rad1 Qb6 12. b3 Bd7 13. Bf1 Qc7 14. a4 Rad8 15. f3 Bc8 16. Kh1 a6 17. Nf5 Bxf5 18. exf5 Qc8 19. Bd3 Nfd7 20. Ne4 d5 21. Ng3 Nxd3 22. Qxd3 Bh4 23. Kg1 Rxe1+ 24. Rxe1 Re8 25. Rxe8+ Qxe8 26. Kf1 Bd8 27. Qc3 Nf6 28. Be5 b5 29. axb5 axb5 30. Bd4 Qd7 31. Kf2 Ne8 32. Nh5 f6 33. g4 Qd6 34. Ng3 Be7 35. Qe1 c5 36. Bb2 Nc7 37. Kg2 b4 38. Qe2 Kf7 39. Qd3 Qa6 40. Qd1 d4 41. Bc1 Nd5 42. Kh3 Nc3 43. Qe1 Qc6 44. Qf1 Qd5 45. Qd3 Bd6 46. Bd2 Bxg3 47. Bxc3 Bxh2 48. Kxh2 bxc3 49. Kg2 g6 50. fxg6+ hxg6 51. Kh3 Kg7 52. Kg2 Qe6 53. Kf1 Kh6 54. b4 Qb6 55. bxc5 Qxc5 56. Qa6 f5 57. gxf5 Qxf5 58. Qe2 Qf4 59. Ke1 Qg3+ 60. Kf1 Qh3+ 61. Kg1 g5 62. Qe4 Qg3+ 63. Kf1 Qf4 64. Qe6+ Kh5 65. Qh3+ Kg6 66. Qe6+ Qf6 67. Qg8+ Kh6 68. Kg2 Qe5 69. Qf8+ Qg7 70. Qf5 Qe7 71. Kh3 Kh5 72. Kg2 Qe2+ 73. Kg3 Qe1+ 74. Kg2 Qe2+ 75. Kh3 1/2-1/2

[Event "Oberliga Ost-A 1314"]
[Site "Germany"]
[Date "2013.12.15"]
[Round "5.6"]
[White "Braun, Gottfried"]
[Black "Woellermann, Jan"]
[Result "1/2-1/2"]
[WhiteElo "2267"]
[BlackElo "2212"]
[PlyCount "106"]
[EventDate "2013.10.13"]
[EventType "team-tourn"]
[EventRounds "11"]
[EventCountry "GER"]
[SourceTitle "EXT 2015"]
[Source "ChessBase"]
[SourceDate "2014.11.20"]
[SourceVersion "1"]
[SourceVersionDate "2014.11.20"]
[SourceQuality "1"]
[WhiteTeam "Leipzig SG"]
[BlackTeam "Magdeburg Aufbau Elbe"]
[WhiteTeamCountry "GER"]
[BlackTeamCountry "GER"]

1. e4 e5 2. Nf3 Nc6 3. Nc3 Nf6 4. Bb5 Nd4 5. Nxd4 exd4 6. e5 dxc3 7. exf6 Qxf6 8. dxc3 Bc5 9. Qe2+ Qe6 10. Qxe6+ fxe6 11. 0-0 a6 12. Bd3 0-0 13. Be3 Bxe3 14. fxe3 Rxf1+ 15. Rxf1 d6 16. e4 Bd7 17. e5 Bc6 18. Re1 Re8 19. Re3 g6 20. g4 dxe5 21. Rxe5 Kf7 22. g5 Ke7 23. h4 Rf8 24. h5 Kd6 25. Re3 e5 26. hxg6 hxg6 27. Rg3 e4 28. Be2 Ke5 29. c4 Bd7 30. b4 Kf4 31. Kf2 Rf5 32. Rg4+ Ke5+ 33. Ke3 Kd6 34. Rg1 Ba4 35. c5+ Ke5 36. c3 Bc2 37. Rc1 Bd3 38. Bxd3 Rf3+ 39. Ke2 Rxd3 40. Rf1 Rf3 41. Rh1 Rxc3 42. Rh7 c6 43. Rxb7 Ra3 44. Rg7 Rxa2+ 45. Ke3 Ra3+ 46. Ke2 Kf5 47. Rc7 Kxg5 48. Rxc6 Kf5 49. Rd6 Rb3 50. Rd4 Rc3 51. Kd2 Rd3+ 52. Rxd3 exd3 53. Kxd3 Ke6 1/2-1/2